000 00547nam a22001817a 4500
003 UA-OsUOA
001 8021
007 ta
008 20040730b un ||||| |||| 00| 0 ukr d
100 _aСидоржевський М.
942 _cSA
040 _aUA-OsUOA
_cUA-OsUOA
_dUA-OsUOA
245 _a"Бо що людини в полоні тіла" : вірші
300 _aС.4
955 _a0
773 0 _w0
_tЛітературна Украіна
_dКиїв
_d2004
_g№26
650 7 _aХудожня література - вірші
_2UDC
999 _c294182
_d294182